5HLuxD.jpg

KING HENRY VIII SENIOR AND PRIMARY SCHOOL LIBRARY OPAC

Ancient China inside out / (Record no. 1499)

000 -LEADER
fixed length control field 01802cam a2200361 i 4500
001 - CONTROL NUMBER
control field 19467163
003 - CONTROL NUMBER IDENTIFIER
control field OSt
005 - DATE AND TIME OF LATEST TRANSACTION
control field 20230103115721.0
008 - FIXED-LENGTH DATA ELEMENTS--GENERAL INFORMATION
fixed length control field 170127s2017 oncab j b 001 0 eng
010 ## - LIBRARY OF CONGRESS CONTROL NUMBER
LC control number 2017000078
020 ## - INTERNATIONAL STANDARD BOOK NUMBER
International Standard Book Number 9780778728689 (reinforced library binding : alkaline paper)
020 ## - INTERNATIONAL STANDARD BOOK NUMBER
International Standard Book Number 9780778728757 (paperback : alkaline paper)
040 ## - CATALOGING SOURCE
Original cataloging agency DLC
Language of cataloging eng
Transcribing agency DLC
Description conventions rda
Modifying agency DLC
-- KH8
042 ## - AUTHENTICATION CODE
Authentication code pcc
043 ## - GEOGRAPHIC AREA CODE
Geographic area code a-cc---
082 00 - DEWEY DECIMAL CLASSIFICATION NUMBER
Classification number 931 SPE
Edition number 23
100 1# - MAIN ENTRY--PERSONAL NAME
Personal name Spence, Kelly,
Relator term author.
Fuller form of name author
245 10 - TITLE STATEMENT
Title Ancient China inside out /
Statement of responsibility, etc. Kelly Spence.
264 #1 - PRODUCTION, PUBLICATION, DISTRIBUTION, MANUFACTURE, AND COPYRIGHT NOTICE
Place of production, publication, distribution, manufacture St. Catharines, Ontario ;
-- New York, New York :
Name of producer, publisher, distributor, manufacturer Crabtree Publishing Company,
Date of production, publication, distribution, manufacture, or copyright notice [2017]
300 ## - PHYSICAL DESCRIPTION
Extent 32 pages :
Other physical details color illustrations, color map ;
Dimensions 28 cm.
336 ## - CONTENT TYPE
Content type term text
Content type code txt
Source rdacontent
337 ## - MEDIA TYPE
Media type term unmediated
Media type code n
Source rdamedia
338 ## - CARRIER TYPE
Carrier type term volume
Carrier type code nc
Source rdacarrier
490 0# - SERIES STATEMENT
Series statement Ancient worlds inside out
504 ## - BIBLIOGRAPHY, ETC. NOTE
Bibliography, etc. note Includes bibliographical references (page 31) and index.
505 0# - FORMATTED CONTENTS NOTE
Formatted contents note Who were the ancient Chinese? -- Digging up the past -- Food and farming -- Emperors and dynasties -- Everyday life -- Reading and writing -- Skilled craftspeople -- The three ways -- Engineering and structures -- Military and defense -- Trade and travel -- Enduring China -- Which way to go? -- Glossary.
651 #0 - SUBJECT ADDED ENTRY--GEOGRAPHIC NAME
Geographic name China
General subdivision Civilization
Chronological subdivision To 221 B.C.
Form subdivision Juvenile literature.
651 #0 - SUBJECT ADDED ENTRY--GEOGRAPHIC NAME
Geographic name China
General subdivision Civilization
Chronological subdivision 221 B.C.-960 A.D.
Form subdivision Juvenile literature.
776 08 - ADDITIONAL PHYSICAL FORM ENTRY
Relationship information Online version:
Main entry heading Spence, Kelly, author.
Title Ancient China inside out
Place, publisher, and date of publication St. Catharines, Ontario : Crabtree Publishing Company, [2017]
International Standard Book Number 9781427118455
Record control number (DLC) 2017004860
906 ## - LOCAL DATA ELEMENT F, LDF (RLIN)
a 7
b cbc
c orignew
d 1
e ecip
f 20
g y-gencatlg
942 ## - ADDED ENTRY ELEMENTS (KOHA)
Source of classification or shelving scheme
Koha item type Books - Non Ficton
Holdings
Withdrawn status Lost status Source of classification or shelving scheme Damaged status Not for loan Collection code Permanent Location Current Location Shelving location Date acquired Total Checkouts Total Renewals Full call number Barcode Date last seen Date last checked out Price effective from Koha item type Public note
          Non-Fiction KH8 Primary School Library KH8 Primary School Library Non Fiction 2023-01-03 3 1 931 SPE KHPL000003279 2025-11-21 2024-10-25 2023-01-03 Books - Non Ficton MISSING BOOK

Powered By KH8 IT Dept